Rozvoj internacionalizačných aktivít podniku diplomová práca

Enregistré dans:
Détails bibliographiques
Auteur principal: Šáchová, Silvia
Collectivité auteur: Podnikovohospodárska fakulta EU so sídlom v Košiciach. Katedra manažmentu
Autres auteurs: Bobenič Hintošová, Aneta, 1979-
Format: Livre
Langue:slovaque
Publié: Košice 2015
Tags: Ajouter un tag
Pas de tags, Soyez le premier à ajouter un tag!

MARC

LEADER 00000nbm a2200000 4500
001 0202221
005 20161212094432.4
041 0 |a slo 
044 |a SK 
245 1 0 |a Rozvoj internacionalizačných aktivít podniku  |b diplomová práca  |c Silvia Šáchová ; školiteľ: Aneta Bobenič Hintošová 
264 1 |a Košice  |c 2015 
300 |a 57 s. 
100 1 |a Šáchová, Silvia 
700 1 |a Bobenič Hintošová, Aneta, 1979- 
710 2 |a Podnikovohospodárska fakulta EU so sídlom v Košiciach. Katedra manažmentu